Countries Starting with P and their Capitals - Statistics

General Stats
  • This quiz has been taken 52 times
  • The average score is 13 of 18
Answer Stats
Country % Correct
Peru
93%
Panama
90%
Lima
83%
Panama City
83%
Pakistan
76%
Palau
76%
Paraguay
76%
Poland
76%
Philippines
73%
Islamabad
71%
Warsaw
71%
Portugal
68%
Manila
66%
Papua New Guinea
66%
Asunción
63%
Lisbon
63%
Port Moresby
46%
Ngerulmud
32%
No matching quizzes found
Score Distribution
Percent of People with Each Score
Percentile by Number Answered
Your Score History
You have not taken this quiz